Partido Socialista Obrero Español / (Record n. 9086)

Dettagli MARC
000 -LEADER
fixed length control field 00729cam a2200217 i 4500
003 - CONTROL NUMBER IDENTIFIER
control field IT-RoINE
005 - DATE AND TIME OF LATEST TRANSACTION
control field 20200114094546.0
008 - FIXED-LENGTH DATA ELEMENTS--GENERAL INFORMATION
fixed length control field 100128s2009 sp a |r|||| 001 0 spa d
020 ## - INTERNATIONAL STANDARD BOOK NUMBER
International Standard Book Number 9788495886477
040 ## - CATALOGING SOURCE
Original cataloging agency SpMaBN
Transcribing agency IT-RoINE
Modifying agency IT-RoINE
100 1# - MAIN ENTRY--PERSONAL NAME
9 (RLIN) 18800
Personal name Martín Nájera, Aurelio
245 10 - TITLE STATEMENT
Title Partido Socialista Obrero Español /
Statement of responsibility, etc Aurelio Martín Nájera.
260 ## - PUBLICATION, DISTRIBUTION, ETC. (IMPRINT)
Place of publication, distribution, etc Madrid :
Name of publisher, distributor, etc Fundación Pablo Iglesias,
Date of publication, distribution, etc 2009.
300 ## - PHYSICAL DESCRIPTION
Extent 999 p., [80] p. de lám., mapa ;
Dimensions 25 cm.
336 ## - CONTENT TYPE
Source rdacontent
Content type term text
337 ## - MEDIA TYPE
Source rdamedia
Media type term unmediated
338 ## - CARRIER TYPE
Source rdacarrier
Carrier type term volume
650 #4 - SUBJECT ADDED ENTRY--TOPICAL TERM
9 (RLIN) 17121
Topical term or geographic name as entry element Socialismo
Geographic subdivision España
General subdivision Historia
Form subdivision Historia
610 #4 - SUBJECT ADDED ENTRY--CORPORATE NAME
9 (RLIN) 17148
Corporate name or jurisdiction name as entry element Partido Socialista Obrero Español (España)
942 ## - ADDED ENTRY ELEMENTS (KOHA)
Item type Monografías
Dati di copia
Withdrawn status Lost status Damaged status Not for loan Home library Current library Date acquired Total Checkouts Full call number Barcode Date last seen Price effective from Koha item type
        Iglesia Nacional Española en Roma Iglesia Nacional Española en Roma 29/04/2015   HIS.ESP.4. 927 12838 29/04/2015 29/04/2015 Monografías